[Event "GER-ch 2014-D email"]
[Site "GER email"]
[Date "2016.11.20"]
[Round "?"]
[White "Hempel, Reinhard"]
[Black "Ackermann, Emil"]
[Result "1/2-1/2"]
[WhiteElo "1980"]
[BlackElo "2114"]
[PlyCount "93"]
[EventDate "2016.??.??"]
[EventType "tourn (corr)"]
[EventRounds "12"]
[EventCountry "GER"]
[SourceTitle "Corr 2022"]
[Source "ChessBase"]
[SourceDate "2021.10.24"]
[SourceVersion "1"]
[SourceVersionDate "2021.10.24"]
[SourceQuality "1"]

1. c4 e5 2. g3 Nc6 3. Bg2 g6 4. Nc3 Bg7 5. e4 d6 6. Nge2 Nd4 7. Nxd4 exd4 8. Ne2 a5 9. d3 Ne7 10. b3 0-0 11. 0-0 Bd7 12. a3 b5 13. Bf4 Qb8 14. Qc2 Qa7 15. c5 dxc5 16. Rfc1 a4 17. bxa4 c4 18. axb5 Bxb5 19. dxc4 Ba4 20. Qd3 Nc6 21. e5 Rad8 22. Bxc6 Bxc6 23. c5 Qa4 24. Rab1 Qa8 25. Rb4 Be4 26. Qc4 Qxa3 27. Nxd4 Bd5 28. Qb5 c6 29. Qa4 Qxa4 30. Rxa4 Ra8 31. Rca1 Rxa4 32. Rxa4 Rb8 33. Kf1 h6 34. h4 Rb1+ 35. Ke2 Rb2+ 36. Kd3 Rxf2 37. Ra8+ Kh7 38. Rc8 g5 39. hxg5 hxg5 40. Bxg5 Bxe5 41. Nxc6 Bxg3 42. Be3 Ra2 43. Bd4 Ra3+ 44. Kc2 Kh6 45. Be5 Bxe5 46. Nxe5 f6 47. Nd7 1/2-1/2

[Event "GER-ch 2014-D email"]
[Site "GER email"]
[Date "2016.11.20"]
[Round "?"]
[White "Hempel, Reinhard"]
[Black "Klapp, Herwig"]
[Result "0-1"]
[WhiteElo "1980"]
[BlackElo "2135"]
[PlyCount "62"]
[EventDate "2016.??.??"]
[EventType "tourn (corr)"]
[EventRounds "12"]
[EventCountry "GER"]
[SourceTitle "Corr 2022"]
[Source "ChessBase"]
[SourceDate "2021.10.24"]
[SourceVersion "1"]
[SourceVersionDate "2021.10.24"]
[SourceQuality "1"]

1. c4 e5 2. g3 Nc6 3. Nc3 Bc5 4. a3 a6 5. e3 d6 6. Bg2 Ba7 7. b4 Nf6 8. Nge2 0-0 9. 0-0 Bf5 10. d4 h6 11. d5 Ne7 12. e4 Bh7 13. Qd3 Qd7 14. Be3 Bxe3 15. Qxe3 Ng4 16. Qd2 f5 17. exf5 Qxf5 18. f3 Nf6 19. Ne4 Qd7 20. N2c3 b6 21. Rad1 Nxe4 22. fxe4 Rxf1+ 23. Rxf1 a5 24. bxa5 Rxa5 25. Qf2 Bg6 26. Qf8+ Kh7 27. Rf7 Bxf7 28. Qxf7 Rxa3 29. Nb5 Ra1+ 30. Bf1 c6 31. Nc3 b5 0-1

[Event "GER-ch 2014-D email"]
[Site "GER email"]
[Date "2016.11.20"]
[Round "?"]
[White "Lelgemann, Ludwig"]
[Black "Hempel, Reinhard"]
[Result "0-1"]
[WhiteElo "1911"]
[BlackElo "1980"]
[PlyCount "56"]
[EventDate "2016.??.??"]
[EventType "tourn (corr)"]
[EventRounds "12"]
[EventCountry "GER"]
[SourceTitle "Corr 2022"]
[Source "ChessBase"]
[SourceDate "2021.10.24"]
[SourceVersion "1"]
[SourceVersionDate "2021.10.24"]
[SourceQuality "1"]

1. d4 Nf6 2. Bg5 e6 3. e4 h6 4. Bxf6 Qxf6 5. Nf3 d6 6. Nc3 Nd7 7. Qd2 a6 8. a4 b6 9. 0-0-0 Bb7 10. Kb1 g6 11. Bc4 Bg7 12. Rhe1 b5 13. axb5 0-0 14. bxa6 Bxa6 15. Bb3 Bb7 16. h4 Rfb8 17. h5 g5 18. e5 Qf5 19. Qd3 Qg4 20. Nd2 c5 21. f3 Qxd4 22. exd6 Qb4 23. Nc4 Ba6 24. Na2 Qb7 25. Nc1 Bxc4 26. Qxc4 Nb6 27. Qxc5 Bxb2 28. Na2 Rxa2 0-1

[Event "GER-ch 2014-D email"]
[Site "GER email"]
[Date "2016.11.20"]
[Round "?"]
[White "Loeffler, Werner"]
[Black "Hempel, Reinhard"]
[Result "1/2-1/2"]
[WhiteElo "2123"]
[BlackElo "1980"]
[PlyCount "58"]
[EventDate "2016.??.??"]
[EventType "tourn (corr)"]
[EventRounds "12"]
[EventCountry "GER"]
[SourceTitle "Corr 2022"]
[Source "ChessBase"]
[SourceDate "2021.10.24"]
[SourceVersion "1"]
[SourceVersionDate "2021.10.24"]
[SourceQuality "1"]

1. d4 Nf6 2. c4 g6 3. Nc3 d5 4. cxd5 Nxd5 5. e4 Nxc3 6. bxc3 Bg7 7. Qa4+ Nd7 8. Nf3 0-0 9. Qa3 c5 10. Bd3 b6 11. Rb1 Ne5 12. Nxe5 Bxe5 13. Bh6 cxd4 14. cxd4 Qxd4 15. Bxf8 Kxf8 16. 0-0 Be6 17. Rfd1 Bg4 18. Be2 Qxe4 19. Bxg4 Qxg4 20. Qd3 Rc8 21. g3 Bd6 22. Rbc1 Bc5 23. Kg2 Rc6 24. f3 Qe6 25. Rc2 Qf6 26. Qa6 Rc7 27. Qd3 Kg7 28. Qc3 Qxc3 29. Rxc3 e5 1/2-1/2